000 00765nam a2200277Ia 4500
003 OSt
005 20221007122134.0
006 a|||||r|||| 00| 0
007 ta
008 221006b |||||||| |||| 00| 0 eng d
020 _a9810247877 (hbd)
024 _a11490
037 _bUnilib,
_cTextual
040 _aPAPL
_cPAPL
_beng
041 _2eng
_aeng
082 _aCN, M2
100 _aCarmeli Moshe
_9713528
245 0 _aClassical fields: General relativity and gauge theory
260 _aNew
_bJersey World Scientific
_c1982
300 _axvii, 650p
_ccm.
500 _a(Reprinted in 2001)
650 _a Relativity
_9713529
650 _aPhysics
942 _hCN, M2
_cTEXL
_2CC
999 _c1209808
_d1209808